Geography Quiz

Random Geography or State Quiz
Score 0/15 Timer 02:30
0 Plays Today
Question Answer Wrong Answers
Has Largest Building In U.S. Washington
82.3%
Oregon
9%
Idaho
5%
Produces The Most Apples in U.S. Washington
76.3%
Oregon
10.7%
Idaho
8%
Has Deepest Lake In U.S. Oregon
66.9%
Washington
17.1%
Idaho
12.4%
Deepest Gorge in U.S. All 3 States
65.2%
Idaho
15.1%
Washington
4.7%
Oregon
11%
#1 in Bigfoot Sightings Washington
54.8%
Oregon
25.1%
Idaho
15.1%
Longest Beach In U.S. Washington
53.2%
Oregon
39.8%
Idaho
3.7%
It Is Illegal To Fish While Riding On A Camel In This State Idaho
50.8%
Washington
17.4%
Oregon
26.8%
Largest Cheese Factory In The World Oregon
48.8%
Washington
17.4%
Idaho
31.1%
Had The World's First Gas Station Washington
46.8%
Oregon
28.1%
Idaho
22.1%
State Fruit Is The Huckleberry Idaho
42.8%
Washington
19.1%
Oregon
33.4%
Most Ghost Towns in U.S. Oregon
40.5%
Washington
6.4%
Idaho
49.8%
Has City With Most Strip Clubs Per Capita Oregon
40.5%
Washington
28.1%
Idaho
26.8%
Has World's Smallest Park Oregon
35.1%
Washington
25.1%
Idaho
36.1%
Longest Gondola Ride In The World Idaho
31.8%
Washington
38.1%
Oregon
26.1%
Home Of The Treefort Music Festival Idaho
27.8%
Washington
25.4%
Oregon
42.5%
Come Together.
Have Fun.
All Virtual.
We all need to come together. Play Sporcle's virtual live trivia to have fun, connect with people, and get your trivia on. Join a live hosted trivia game for your favorite pub trivia experience done virtually. If a virtual private party is more your thing, go here for details.

You're not logged in!

Compare scores with friends on all Sporcle quizzes.
OR
Log In

Sporcle TV

Today on Sporcle TV


Watch our educational content, quiz creation guides, and fun videos on Sporcle TV.

Show Comments

Extras

Created Feb 25, 2020ReportNominate
Tags:State Quiz, Northwest, pacific

Top Quizzes Today


Score Distribution

Paid Content

Your Account Isn't Verified!

In order to create a playlist on Sporcle, you need to verify the email address you used during registration. Go to your Sporcle Settings to finish the process.

Report this User

Report this user for behavior that violates our Community Guidelines.

Details: